[Event "2BLO 1819 Nickelhütte Aue - FC Bayern "]
[Site "?"]
[Date "2019.03.23"]
[Round "9.3"]
[White "Fedorovsky, Michael"]
[Black "Meijers, Viesturs"]
[Result "0-1"]
[WhiteElo "2451"]
[BlackElo "2433"]
[PlyCount "104"]
[EventDate "2019.??.??"]

1. d4 Nf6 2. c4 e6 3. Nf3 d5 4. Nc3 Be7 5. Bf4 O-O 6. a3 a6 7. c5 b6 8. b4 Nh5
9. e3 Nxf4 10. exf4 a5 11. Bd3 Bf6 12. O-O axb4 13. axb4 Rxa1 14. Qxa1 Nc6 15.
Nb5 Nxb4 16. Bxh7+ Kh8 17. Bb1 bxc5 18. Qa4 Ba6 19. dxc5 Qb8 20. Qxb4 Qxb5 21.
Qxb5 Bxb5 22. Rc1 Ra8 23. Bc2 Ra3 24. Bd1 Rc3 25. Rxc3 Bxc3 26. Ne5 f6 27. Nf7+
Kg8 28. Nd8 e5 29. f5 c6 30. Ne6 Bb4 31. Bh5 d4 32. Bd1 Bc4 33. Ba4 Bd5 34. Nc7
Be4 35. f3 Bxf5 36. Bxc6 Bxc5 37. Bd5+ Kh8 38. g4 Bd7 39. Kf1 Bb6 40. Be6 Bc6
41. Nd5 Ba5 42. Kf2 d3 43. Ne7 Bb6+ 44. Kg3 Ba4 45. g5 Bc5 46. Ng6+ Kh7 47.
Nxe5 d2 48. g6+ Kh8 49. Nf7+ Kg8 50. Nd8+ Kf8 51. Bf7 Ke7 52. Ne6 Bd6+ 0-1

[Event "2BLO 1819 Nickelhütte Aue - FC Bayern "]
[Site "?"]
[Date "2019.03.23"]
[Round "9.4"]
[White "Slobodjan, Roman"]
[Black "Johansson, Linus"]
[Result "1/2-1/2"]
[WhiteElo "2457"]
[BlackElo "2479"]
[PlyCount "47"]
[EventDate "2019.??.??"]

1. e4 e6 2. d4 d5 3. exd5 exd5 4. Nf3 Nf6 5. Bd3 Bd6 6. Qe2+ Qe7 7. Qxe7+ Bxe7
8. Bf4 c6 9. O-O Nh5 10. Bc7 Be6 11. h3 g5 12. Re1 Nd7 13. Nbd2 Rc8 14. Bh2 Ng7
15. Re2 f6 16. Nb3 Kf7 17. Na5 b6 18. Nb7 Nf8 19. a4 Ng6 20. Bxg6+ hxg6 21. a5
Ra8 22. Nd6+ Bxd6 23. Bxd6 Rhd8 24. Bb4 1/2-1/2

[Event "2BLO 1819 Nickelhütte Aue - FC Bayern "]
[Site "?"]
[Date "2019.03.23"]
[Round "9.5"]
[White "Zajogin, Alexander"]
[Black "Spiess, Gunter"]
[Result "1-0"]
[WhiteElo "2422"]
[BlackElo "2403"]
[PlyCount "47"]
[EventDate "2019.??.??"]

1. d4 d5 2. Bg5 h6 3. Bh4 c6 4. e3 Qb6 5. Qc1 e5 6. Nf3 exd4 7. exd4 Be7 8.
Bxe7 Nxe7 9. Bd3 Bf5 10. Bxf5 Nxf5 11. c3 O-O 12. O-O Re8 13. Qf4 Ne7 14. Ne5
f6 15. Nd3 Nd7 16. Nd2 Ng6 17. Qg3 Ngf8 18. Rae1 Rac8 19. Nf3 Kf7 20. Nh4 g6
21. Nf4 g5 22. Nf5 Qc7 23. Nxh6+ Kg7 24. Rxe8 1-0

[Event "2BLO 1819 Nickelhütte Aue - FC Bayern "]
[Site "?"]
[Date "2019.03.23"]
[Round "9.6"]
[White "Langrock, Hannes"]
[Black "Lindgren, Philip"]
[Result "1/2-1/2"]
[WhiteElo "2371"]
[BlackElo "2383"]
[PlyCount "104"]
[EventDate "2019.??.??"]

1. d4 d5 2. c4 c6 3. cxd5 cxd5 4. Bf4 Nf6 5. Nc3 Nc6 6. e3 a6 7. Be2 Bf5 8. Nf3
e6 9. Qb3 Ra7 10. O-O Be7 11. Ne5 Nxe5 12. Bxe5 O-O 13. Rfc1 Nd7 14. Bg3 b5 15.
a4 b4 16. Nb1 Qa5 17. Nd2 h6 18. Bd3 Bxd3 19. Qxd3 Rfa8 20. Rc6 Qd8 21. Rac1
Qe8 22. h3 g6 23. Nb3 Kg7 24. Qc2 Bf6 25. Bd6 Rb7 26. Qd3 Nb6 27. Nc5 Nc4 28.
Nxb7 Qxc6 29. b3 Qxb7 30. bxc4 dxc4 31. Qxc4 a5 32. Qc5 Qe4 33. Qc6 Qxc6 34.
Rxc6 Ra7 35. Rb6 Be7 36. Bxe7 Rxe7 37. Rb5 Ra7 38. g4 Kf6 39. Kg2 Ke7 40. Kf3
Kd6 41. h4 Kc6 42. Ke4 Rb7 43. Rxa5 b3 44. Rc5+ Kd6 45. Rc1 b2 46. Rb1 Rb3 47.
g5 h5 48. a5 Kc6 49. Ke5 Rb5+ 50. Ke4 Rb3 51. Ke5 Rb5+ 52. Ke4 Rb3 1/2-1/2

[Event "2BLO 1819 Nickelhütte Aue - FC Bayern "]
[Site "?"]
[Date "2019.03.23"]
[Round "9.7"]
[White "Lokander, Martin"]
[Black "Eichner, Sebastian"]
[Result "0-1"]
[WhiteElo "2432"]
[BlackElo "2347"]
[PlyCount "120"]
[EventDate "2019.??.??"]

1. Nf3 d5 2. c4 c6 3. e3 Nf6 4. Nc3 g6 5. d4 Bg7 6. Bd3 O-O 7. O-O Bf5 8. Bxf5
gxf5 9. cxd5 cxd5 10. Qb3 b6 11. Ne5 e6 12. Bd2 Nfd7 13. Nd3 Nc6 14. Rfc1 Na5
15. Qd1 Nc4 16. Be1 Qg5 17. Ne2 Rfc8 18. Nef4 Bf8 19. Qa4 Qd8 20. b3 Na3 21. b4
Nc4 22. b5 Rc7 23. Bb4 Rac8 24. Bxf8 Nxf8 25. Ne2 Qg5 26. Qd1 Ng6 27. Nef4 Qe7
28. a4 Nxf4 29. exf4 Qf6 30. Ne5 Nxe5 31. dxe5 Qe7 32. Rxc7 Qxc7 33. g3 Qc3 34.
Ra2 Kg7 35. Rd2 h6 36. Kg2 Rc4 37. Rd3 Qb4 38. Qh5 Qe7 39. Qd1 Qb4 40. Qh5 Qe7
41. Qd1 Qc5 42. Qh5 Rxa4 43. Qh4 Kh7 44. Qf6 Qf8 45. Rc3 Rc4 46. Rf3 Rc7 47.
Qh4 d4 48. Rd3 Rd7 49. Qh5 Qa8+ 50. f3 Qd5 51. g4 fxg4 52. Qxg4 Qxb5 53. Rd2
Qb4 54. Rd1 Rd8 55. Kh3 Rg8 56. Qh5 Qb2 57. Qxf7+ Rg7 58. Qxe6 Qg2+ 59. Kh4
Qf2+ 60. Kh3 Qxf3+ 0-1

[Event "2BLO 1819 Nickelhütte Aue - FC Bayern "]
[Site "?"]
[Date "2019.03.23"]
[Round "9.8"]
[White "Wichmann, Cliff"]
[Black "Meister, Peter"]
[Result "1/2-1/2"]
[WhiteElo "2278"]
[BlackElo "2366"]
[PlyCount "21"]
[EventDate "2019.??.??"]

1. d4 g6 2. e4 Bg7 3. Nc3 d6 4. Be3 a6 5. f4 b5 6. Nf3 Bb7 7. Bd3 Nd7 8. O-O c5
9. e5 c4 10. Be4 Bxe4 11. Nxe4 1/2-1/2

[Event "2BLO 1819 TSV Bindlach Aktionär - Mün"]
[Site "?"]
[Date "2019.03.23"]
[Round "9.1"]
[White "Jones, Gawain C B"]
[Black "Kriebel, Tadeas"]
[Result "1-0"]
[WhiteElo "2681"]
[BlackElo "2507"]
[PlyCount "163"]
[EventDate "2019.??.??"]

1. e4 e5 2. Nf3 Nc6 3. Bc4 Nf6 4. d3 Bc5 5. O-O O-O 6. Re1 d5 7. exd5 Nxd5 8.
Nxe5 Bxf2+ 9. Kxf2 Nxe5 10. Rxe5 Qh4+ 11. Kf1 Qf6+ 12. Qf3 Qxe5 13. Bxd5 Be6
14. Nc3 Bxd5 15. Nxd5 Rad8 16. Nc3 Qxh2 17. Rb1 Rd4 18. Be3 Rh4 19. Ke2 f5 20.
Rf1 Rg4 21. Rf2 c6 22. Kd2 Qd6 23. Re2 Qg6 24. Bxa7 Rg3 25. Qf2 Qg5+ 26. Kd1
Qg4 27. Kc1 f4 28. Ne4 f3 29. Qxg3 fxe2 30. Kd2 Qxg3 31. Nxg3 Ra8 32. Bd4 Rxa2
33. Kxe2 g6 34. Ne4 h5 35. Ke3 b6 36. Kf4 c5 37. Bc3 Ra1 38. Be5 Kf7 39. c4
Rf1+ 40. Ke3 Rb1 41. Ng5+ Ke7 42. Nf3 Ke6 43. Bc3 Kf5 44. d4 cxd4+ 45. Bxd4 g5
46. Kd3 g4 47. Nd2 Rc1 48. Bxb6 h4 49. b4 h3 50. gxh3 gxh3 51. Bc7 Ke6 52. b5
Kd7 53. Bf4 Rh1 54. Nf3 Kc8 55. Ke4 Rb1 56. Be5 Kb7 57. Kd5 Rd1+ 58. Kc5 Rf1
59. Nh2 Rb1 60. Bf4 Rb2 61. Kd4 Rb3 62. Ng4 Rb2 63. Kd3 Rg2 64. Nh2 Rb2 65. Bd2
Rb3+ 66. Bc3 Rb1 67. Bd2 Rb3+ 68. Kc2 Rg3 69. Bf4 Rg2+ 70. Kc3 Rf2 71. Bd6 Kb6
72. Be5 Re2 73. Bf4 Re4 74. Bd6 Re2 75. Kd3 Rb2 76. Nf3 Rb3+ 77. Ke2 Rc3 78.
Nd2 Rc1 79. Bf4 Rc3 80. Kf2 Ka7 81. Be5 Rc2 82. Ke3 1-0

[Event "2BLO 1819 TSV Bindlach Aktionär - Mün"]
[Site "?"]
[Date "2019.03.23"]
[Round "9.2"]
[White "Petr, Martin"]
[Black "Tabatabaei, M.amin"]
[Result "0-1"]
[WhiteElo "2462"]
[BlackElo "2600"]
[PlyCount "78"]
[EventDate "2019.??.??"]

1. e4 c5 2. Nf3 d6 3. d4 cxd4 4. Nxd4 Nf6 5. Nc3 Nc6 6. Bg5 e6 7. Qd2 a6 8.
O-O-O Bd7 9. f4 Be7 10. Nf3 b5 11. Bxf6 gxf6 12. f5 Qa5 13. Kb1 h5 14. g3 Rc8
15. Bh3 b4 16. Ne2 e5 17. Nc1 Qb6 18. Bf1 Na7 19. Bd3 a5 20. Qe2 a4 21. Bc4 a3
22. Rd5 Bc6 23. Rhd1 axb2 24. Kxb2 Bxd5 25. Rxd5 Qc6 26. Nd2 Bd8 27. Ncb3 Ke7
28. Bd3 Ra8 29. Nc4 Nc8 30. Qd2 Qa4 31. Kc1 Bc7 32. Be2 Qxa2 33. Qxb4 Qa7 34.
Nba5 Kf8 35. Nc6 Qg1+ 36. Kd2 Nb6 37. Rb5 Nxc4+ 38. Bxc4 Ra1 39. Be2 Qc1+ 0-1

[Event "2BLO 1819 TSV Bindlach Aktionär - Mün"]
[Site "?"]
[Date "2019.03.23"]
[Round "9.3"]
[White "Speelman, Jon S"]
[Black "Cech, Pavel"]
[Result "1/2-1/2"]
[WhiteElo "2516"]
[BlackElo "2324"]
[PlyCount "82"]
[EventDate "2019.??.??"]

1. Nf3 d5 2. g3 Nf6 3. Bg2 c5 4. O-O Nc6 5. d4 e6 6. c4 dxc4 7. dxc5 Qxd1 8.
Rxd1 Bxc5 9. Nbd2 c3 10. bxc3 O-O 11. Nb3 Be7 12. c4 e5 13. Bb2 e4 14. Nfd4
Nxd4 15. Nxd4 Bg4 16. h3 Bd7 17. Nb5 Rac8 18. Nd6 Bxd6 19. Rxd6 Be6 20. Bxf6
gxf6 21. Bxe4 Rxc4 22. Bxb7 Rb8 23. Bd5 Rd4 24. e4 Rb2 25. Kg2 Bxd5 26. Rxd5
Rxd5 27. exd5 Rd2 28. Rc1 Rxd5 29. Rc4 f5 30. a4 Kg7 31. Kf3 a5 32. Kf4 Kf6 33.
Rc6+ Kg7 34. h4 Rd4+ 35. Kxf5 Rxa4 36. Ra6 Ra3 37. Kg4 Ra1 38. h5 h6 39. Kf4 a4
40. g4 a3 41. Ke4 Re1+ 1/2-1/2

[Event "2BLO 1819 TSV Bindlach Aktionär - Mün"]
[Site "?"]
[Date "2019.03.23"]
[Round "9.4"]
[White "Wall, Gavin"]
[Black "Schnider, Gert"]
[Result "0-1"]
[WhiteElo "2315"]
[BlackElo "2424"]
[PlyCount "76"]
[EventDate "2019.??.??"]

1. e4 e5 2. Nf3 Nc6 3. Bc4 Bc5 4. c3 Nf6 5. d3 a6 6. O-O Ba7 7. Bb3 d6 8. Be3
O-O 9. Nbd2 h6 10. Re1 Bxe3 11. Rxe3 Be6 12. d4 Bxb3 13. Qxb3 Qd7 14. Rd1 Rfe8
15. h3 Rab8 16. dxe5 Nxe5 17. Nxe5 Rxe5 18. f4 Re7 19. e5 Qc6 20. Nf3 Qc5 21.
Rd4 Qa7 22. Kh2 c5 23. Rdd3 b5 24. Qd1 c4 25. Rd5 Rbe8 26. Re2 dxe5 27. Nxe5
Qc7 28. Red2 Qc8 29. Qf3 Qf5 30. a4 h5 31. axb5 axb5 32. Re2 h4 33. Qf2 Qh7 34.
Re3 Qh5 35. Qf3 Qf5 36. Re2 Nh5 37. Rf2 Ng3 38. Qg4 Rxe5 0-1

[Event "2BLO 1819 TSV Bindlach Aktionär - Mün"]
[Site "?"]
[Date "2019.03.23"]
[Round "9.5"]
[White "Froewis, Georg"]
[Black "Krensing, Jan"]
[Result "1-0"]
[WhiteElo "2442"]
[BlackElo "2365"]
[PlyCount "71"]
[EventDate "2019.??.??"]

1. e4 c5 2. Nf3 Nc6 3. d4 cxd4 4. Nxd4 g6 5. c4 Bg7 6. Be3 Nf6 7. Nc3 O-O 8. f3
b6 9. Qd2 Bb7 10. Be2 Qb8 11. O-O-O Rc8 12. Nxc6 Bxc6 13. Kb1 e6 14. Bf4 Qb7
15. Bh6 Bh8 16. h4 a6 17. h5 b5 18. hxg6 fxg6 19. e5 bxc4 20. exf6 Bxf6 21.
Bxc4 Rab8 22. Rc1 Qb4 23. Bb3 a5 24. Bf4 a4 25. Bd6 Qd4 26. Qxd4 Bxd4 27. Nxa4
Ra8 28. Bc5 Bxc5 29. Nxc5 Kg7 30. Rhd1 Ra7 31. Rc3 Kf6 32. Re1 Rac7 33. Ba4
Bxa4 34. Nxa4 Rxc3 35. Nxc3 d5 36. a4 1-0

[Event "2BLO 1819 TSV Bindlach Aktionär - Mün"]
[Site "?"]
[Date "2019.03.23"]
[Round "9.6"]
[White "Kukel, Imre"]
[Black "Berchtenbreiter, Maximilian"]
[Result "0-1"]
[WhiteElo "2294"]
[BlackElo "2445"]
[PlyCount "54"]
[EventDate "2019.??.??"]

1. e4 g6 2. d4 c6 3. Bd3 d5 4. e5 c5 5. dxc5 Nd7 6. Bb5 e6 7. Nf3 Qa5+ 8. Nc3
a6 9. Ba4 Bxc5 10. O-O b5 11. Bb3 Bb7 12. Bg5 h6 13. Bh4 g5 14. Bg3 Ne7 15. h4
Nf5 16. Kh2 g4 17. Ne1 h5 18. Bf4 Qd8 19. Bg5 Be7 20. f4 Bxg5 21. hxg5 Ne3 22.
Qe2 d4 23. Rh1 g3+ 24. Kg1 Qb6 25. Rxh5 Rxh5 26. Qxh5 dxc3 27. Kh1 cxb2 0-1

[Event "2BLO 1819 TSV Bindlach Aktionär - Mün"]
[Site "?"]
[Date "2019.03.23"]
[Round "9.8"]
[White "Pfadenhauer, Johannes"]
[Black "Babiy, Olga"]
[Result "1/2-1/2"]
[WhiteElo "2186"]
[BlackElo "2305"]
[PlyCount "56"]
[EventDate "2019.??.??"]

1. d4 Nf6 2. Bg5 Ne4 3. Bf4 d5 4. e3 c5 5. Bd3 cxd4 6. exd4 Nc6 7. Bxe4 dxe4 8.
d5 e5 9. Bg3 Qa5+ 10. Nc3 Ba3 11. Qc1 Bb4 12. dxc6 Bxc3+ 13. bxc3 Qxc3+ 14. Kf1
bxc6 15. Ne2 Ba6 16. h4 Rd8 17. Rh3 Rd2 18. Bf4 Bxe2+ 19. Kg1 Qxa1 20. Qxa1
Rd1+ 21. Qxd1 Bxd1 22. Bxe5 f6 23. Bd4 Bxc2 24. Ra3 O-O 25. Rxa7 Rd8 26. Be3
Rd1+ 27. Kh2 Ra1 28. a3 h6 1/2-1/2

[Event "2BLO 1819 SK Weilheim - Erfurter SK"]
[Site "?"]
[Date "2019.03.24"]
[Round "10.1"]
[White "Mihok, Oliver"]
[Black "Lehner, Oliver"]
[Result "1-0"]
[WhiteElo "2537"]
[BlackElo "2402"]
[PlyCount "49"]
[EventDate "2019.??.??"]

1. e4 c6 2. d4 d5 3. Nd2 dxe4 4. Nxe4 Bf5 5. Ng3 Bg6 6. Bc4 Nd7 7. N1e2 Ngf6 8.
h4 h6 9. Nf4 Bh7 10. O-O Nb6 11. Bb3 e6 12. Re1 Be7 13. Bxe6 fxe6 14. Nxe6 Qd7
15. Nh5 Kf7 16. Nhxg7 Bf8 17. Nh5 Bf5 18. Nxf6 Kxf6 19. Bf4 Rg8 20. Nxf8 Raxf8
21. Bxh6 Re8 22. Bg5+ Kg6 23. Qd2 Nc4 24. Qf4 Qd6 25. Rxe8 {Schwarz gibt auf}
1-0

[Event "2BLO 1819 SK Weilheim - Erfurter SK"]
[Site "?"]
[Date "2019.03.24"]
[Round "10.2"]
[White "Bayer, Bernhard"]
[Black "Braeuer, Franz"]
[Result "0-1"]
[WhiteElo "2402"]
[BlackElo "2437"]
[PlyCount "72"]
[EventDate "2019.??.??"]

1. e4 c5 2. Nf3 d6 3. Bb5+ Nd7 4. c3 Ngf6 5. Qe2 a6 6. Ba4 b5 7. Bc2 e6 8. O-O
Be7 9. a4 Bb7 10. d4 O-O 11. Bg5 Qc7 12. Nbd2 cxd4 13. Nxd4 h6 14. Be3 bxa4 15.
Rxa4 Nc5 16. Ra2 Rfd8 17. f3 d5 18. Qf2 dxe4 19. Nxe4 Ncxe4 20. fxe4 Bd6 21.
Qh4 Bxh2+ 22. Kh1 Bg3 23. Qh3 Be5 24. Nf3 Nxe4 25. Re1 Bf4 26. Bxe4 Bxe4 27.
Bxf4 Qxf4 28. Ra4 f5 29. Nd4 Rd6 30. Raa1 Rf8 31. Kg1 Rf6 32. b4 Rg6 33. Ra2
Rg3 34. Qh2 Qg5 35. Rf2 h5 36. Ne2 h4 {Weiß gibt auf} 0-1

[Event "2BLO 1819 SK Weilheim - Erfurter SK"]
[Site "?"]
[Date "2019.03.24"]
[Round "10.3"]
[White "Enders, Peter"]
[Black "Guttenthaler, Franz"]
[Result "1-0"]
[WhiteElo "2443"]
[BlackElo "2326"]
[PlyCount "57"]
[EventDate "2019.??.??"]

1. b3 d5 2. Bb2 Nf6 3. g3 c5 4. Bg2 Nc6 5. Nf3 Qc7 6. d4 cxd4 7. Nxd4 e5 8.
Nxc6 bxc6 9. O-O Be6 10. c4 Rd8 11. cxd5 cxd5 12. Nc3 Be7 13. Rc1 Qb8 14. Na4
O-O 15. e3 Rfe8 16. Qd3 Bd7 17. Nc3 Be6 18. h3 h5 19. Rfd1 Bf8 20. Qa6 Rd7 21.
Na4 Ne4 22. Rc6 Rc7 23. Bxe5 Rxc6 24. Qxc6 Qxe5 25. Qxe8 Nxg3 26. Nc5 Ne4 27.
Bxe4 Qg5+ 28. Kh2 Bxh3 29. Bxd5 {Schwarz gibt auf} 1-0

[Event "2BLO 1819 SK Weilheim - Erfurter SK"]
[Site "?"]
[Date "2019.03.24"]
[Round "10.4"]
[White "Deglmann, Ludwig"]
[Black "Haba, Petr"]
[Result "1/2-1/2"]
[WhiteElo "2272"]
[BlackElo "2445"]
[PlyCount "47"]
[EventDate "2019.??.??"]

1. f4 d5 2. Nf3 g6 3. g3 Bg7 4. Bg2 Nf6 5. O-O O-O 6. d3 c5 7. c3 Nc6 8. Na3
Rb8 9. Ne5 Qc7 10. Qa4 Nxe5 11. fxe5 Bd7 12. Qh4 Qxe5 13. e4 Qh5 14. Qxh5 Nxh5
15. exd5 Bf5 16. Bg5 Bf6 17. Be3 Rbc8 18. Rad1 Rfd8 19. Bf3 Bh3 20. Rfe1 e6 21.
dxe6 Bxe6 22. Nc4 Bd5 23. Bxh5 gxh5 24. Bf4 {Weiß bietet remis} 1/2-1/2

[Event "2BLO 1819 SK Weilheim - Erfurter SK"]
[Site "?"]
[Date "2019.03.24"]
[Round "10.5"]
[White "Mueller, Matthias"]
[Black "Fuchs, Georg"]
[Result "1/2-1/2"]
[WhiteElo "2389"]
[BlackElo "2207"]
[PlyCount "31"]
[EventDate "2019.??.??"]

1. e4 e5 2. Nf3 Nc6 3. d4 exd4 4. Nxd4 Nf6 5. Nxc6 bxc6 6. e5 Qe7 7. Qe2 Nd5 8.
c4 Ba6 9. b3 g6 10. f4 Bg7 11. Qf2 Nf6 12. Be2 d6 13. O-O O-O 14. Ba3 c5 15.
Nc3 Bb7 16. Rad1 {Weiß bietet remis} 1/2-1/2

[Event "2BLO 1819 SK Weilheim - Erfurter SK"]
[Site "?"]
[Date "2019.03.24"]
[Round "10.6"]
[White "Wiesinger, Robert"]
[Black "Voekler, Bernd"]
[Result "0-1"]
[WhiteElo "2233"]
[BlackElo "2351"]
[PlyCount "50"]
[EventDate "2019.??.??"]

1. e4 c5 2. Nf3 d6 3. d4 cxd4 4. Nxd4 Nf6 5. Nc3 a6 6. Be3 e5 7. Nb3 Be6 8. f3
Be7 9. Qd2 O-O 10. O-O-O Qc7 11. g4 Nbd7 12. Kb1 b5 13. g5 Nh5 14. f4 exf4 15.
Bxf4 Nxf4 16. Qxf4 Rac8 17. Nd4 Qd8 18. h4 Rxc3 19. bxc3 Qa5 20. Nxe6 fxe6 21.
Qg4 Nc5 22. Rh3 e5 23. c4 Rf4 24. Qc8+ Bf8 25. cxb5 Rxf1 {Weiß gibt auf} 0-1

[Event "2BLO 1819 SK Weilheim - Erfurter SK"]
[Site "?"]
[Date "2019.03.24"]
[Round "10.7"]
[White "Casper, Thomas"]
[Black "Shahin, Walid"]
[Result "1-0"]
[WhiteElo "2353"]
[BlackElo "2102"]
[PlyCount "39"]
[EventDate "2019.??.??"]

1. e4 e6 2. d4 d5 3. exd5 exd5 4. Nf3 Nc6 5. Bb5 Qe7+ 6. Be3 Qb4+ 7. Nc3 Bd6 8.
a3 Qa5 9. O-O a6 10. Bd3 Nge7 11. h3 Be6 12. Ng5 Nd8 13. Qh5 h6 14. Nxe6 Nxe6
15. b4 g6 16. Qf3 Qb6 17. Nxd5 Nxd5 18. Qxd5 O-O-O 19. Qc4 Bf4 20. d5 {Schwarz
gibt auf} 1-0

[Event "2BLO 1819 SK Weilheim - Erfurter SK"]
[Site "?"]
[Date "2019.03.24"]
[Round "10.8"]
[White "Binder, Moriz"]
[Black "Myshkin, Nikita"]
[Result "0-1"]
[WhiteElo "2247"]
[BlackElo "2304"]
[PlyCount "48"]
[EventDate "2019.??.??"]

1. d4 Nf6 2. c4 e6 3. Nf3 b6 4. g3 Ba6 5. b3 Bb4+ 6. Bd2 Be7 7. Bg2 c6 8. O-O
d5 9. Qc2 O-O 10. Rd1 Nbd7 11. Bf4 Nh5 12. Bc1 Nhf6 13. Bf4 Rc8 14. Nc3 c5 15.
dxc5 Bxc5 16. Bg5 Qe8 17. Bxf6 Nxf6 18. Qb2 Bb4 19. Ne5 Bd6 20. Nf3 Qe7 21.
cxd5 Ba3 22. d6 Bxb2 23. dxe7 Rfe8 24. Rd8 Bxa1 {Weiß gibt auf} 0-1

[Event "2BLO 1819 SC Garching - SK König Plaue"]
[Site "?"]
[Date "2019.03.24"]
[Round "10.1"]
[White "Kuraszkiewicz, Michael"]
[Black "Hess, Max"]
[Result "1-0"]
[WhiteElo "2303"]
[BlackElo "2314"]
[PlyCount "85"]
[EventDate "2019.??.??"]

1. d4 Nf6 2. c4 g6 3. Nc3 Bg7 4. e4 d6 5. h3 O-O 6. Bg5 c5 7. d5 e6 8. Bd3 exd5
9. exd5 Nbd7 10. Nf3 Re8+ 11. Kf1 Ne5 12. Nxe5 Rxe5 13. Bf4 Re8 14. g4 Nd7 15.
Kg2 Ne5 16. Re1 h5 17. Be2 g5 18. Be3 hxg4 19. hxg4 f5 20. gxf5 Bxf5 21. Rh1
Qf6 22. Qd2 g4 23. Rag1 g3 24. f3 Ng6 25. Kxg3 Rxe3 26. Qxe3 Qf7 27. Qg5 Bd4
28. Rh5 Rf8 29. Re1 Qg7 30. Kh2 Be5+ 31. Kh1 Bf4 32. Qg2 Rf6 33. Ne4 Bxe4 34.
fxe4 Kf7 35. Bg4 Be5 36. Rf1 Rxf1+ 37. Qxf1+ Nf4 38. Qf3 Ke7 39. Rh4 Kd8 40.
Bf5 Qf6 41. Rh7 Ng6 42. Rd7+ Ke8 43. Qh5 {Schwarz gibt auf} 1-0

[Event "2BLO 1819 SC Garching - SK König Plaue"]
[Site "?"]
[Date "2019.03.24"]
[Round "10.2"]
[White "Renner, Christoph"]
[Black "Sandner, Gunter"]
[Result "1-0"]
[WhiteElo "2317"]
[BlackElo "2292"]
[PlyCount "95"]
[EventDate "2019.??.??"]

1. e4 c5 2. Be2 Nc6 3. f4 e5 4. d3 Nf6 5. Nf3 Bd6 6. f5 Bc7 7. Bg5 d5 8. Nbd2
d4 9. O-O b6 10. Qe1 Ba6 11. Qh4 Qd6 12. Nc4 Bxc4 13. dxc4 Bd8 14. Bd3 h6 15.
Bd2 Nh7 16. Qh5 Bf6 17. a3 Qe7 18. h4 O-O-O 19. b4 Kb7 20. bxc5 bxc5 21. Rab1+
Ka8 22. Rb5 Rdg8 23. Rfb1 g6 24. fxg6 fxg6 25. Qg4 h5 26. Qh3 g5 27. hxg5 Nxg5
28. Nxg5 Bxg5 29. Rb7 Qxb7 30. Rxb7 Kxb7 31. Qd7+ Kb6 32. Ba5+ Nxa5 33. Qb5+
Kc7 34. Qxa5+ Kb8 35. Qb5+ Ka8 36. Qc6+ Kb8 37. Qd6+ Kb7 38. Qxe5 Be3+ 39. Kh1
Rg4 40. Qe7+ Ka8 41. Qf6 Rh6 42. Qd8+ Kb7 43. e5 Rc6 44. g3 Bg5 45. Qd5 Kc7 46.
Bf5 Rxg3 47. Qd7+ Kb6 48. Be4 {Schwarz gibt auf} 1-0

[Event "2BLO 1819 SC Garching - SK König Plaue"]
[Site "?"]
[Date "2019.03.24"]
[Round "10.3"]
[White "Kunze, Carlo"]
[Black "Koepke, Christian"]
[Result "1-0"]
[WhiteElo "2251"]
[BlackElo "2348"]
[PlyCount "67"]
[EventDate "2019.??.??"]

1. d4 d5 2. c4 c6 3. Nc3 Nf6 4. cxd5 cxd5 5. Bf4 Nc6 6. e3 Bg4 7. Qb3 Na5 8.
Bb5+ Bd7 9. Qa4 Nc6 10. Qd1 e6 11. Bd3 Be7 12. Nf3 a6 13. h3 O-O 14. O-O Rc8
15. Rc1 Na5 16. Qe2 Bc6 17. Ne5 b5 18. a4 Nc4 19. Nxc6 Rxc6 20. axb5 axb5 21.
Nxb5 Qb6 22. b3 Qxb5 23. bxc4 dxc4 24. Rxc4 Rxc4 25. Bxc4 Qb4 26. Qa2 Rc8 27.
Bxe6 Rf8 28. Bc4 Ne4 29. Rb1 Qc3 30. Bd5 Nd2 31. Rd1 g5 32. Be5 Bb4 33. Qa6 Qc2
34. Rxd2 {Schwarz gibt auf} 1-0

[Event "2BLO 1819 SC Garching - SK König Plaue"]
[Site "?"]
[Date "2019.03.24"]
[Round "10.4"]
[White "Pitschka, Claus"]
[Black "Pfretzschner, Roland"]
[Result "0-1"]
[WhiteElo "2193"]
[BlackElo "2226"]
[PlyCount "86"]
[EventDate "2019.??.??"]

1. d4 c5 2. d5 e5 3. e4 d6 4. Nc3 Be7 5. Nf3 Nf6 6. Bb5+ Nbd7 7. a4 a6 8. Bd3
b6 9. O-O Nf8 10. Nd2 Ng6 11. Nc4 h5 12. Ne2 h4 13. f4 exf4 14. Nxf4 Ne5 15.
Nxe5 dxe5 16. Ne2 c4 17. Bxc4 Bc5+ 18. Kh1 Nxe4 19. Qe1 Bg4 20. Bf4 Nf2+ 21.
Rxf2 Bxf2 22. Qxf2 exf4 23. Nxf4 O-O 24. Qd4 Bf5 25. c3 Qg5 26. d6 Rae8 27. Bd5
Bd7 28. h3 Re5 29. Rf1 Rf5 30. Be4 Rf6 31. Bd3 Bc6 32. Qxb6 Rxd6 33. Be4 Qf6
34. Bxc6 Rxc6 35. Qe3 g5 36. Qe4 Rfc8 37. Rf3 gxf4 38. Rxf4 Qg7 39. Rxh4 Rg6
40. Qb7 Qf8 41. Rf4 Re8 42. b4 Re1+ 43. Kh2 Re2 {Weiß gibt auf} 0-1

[Event "2BLO 1819 SC Garching - SK König Plaue"]
[Site "?"]
[Date "2019.03.24"]
[Round "10.5"]
[White "Hoerr, Matthias"]
[Black "Dehlinger, Alexander"]
[Result "1/2-1/2"]
[WhiteElo "2179"]
[BlackElo "2281"]
[PlyCount "56"]
[EventDate "2019.??.??"]

1. e4 c5 2. Nf3 Nc6 3. d4 cxd4 4. Nxd4 Nf6 5. Nc3 e5 6. Ndb5 d6 7. Bg5 a6 8.
Na3 b5 9. Nd5 Be7 10. Bxf6 Bxf6 11. c4 b4 12. Nc2 a5 13. g3 O-O 14. h4 a4 15.
Ncxb4 Nxb4 16. Nxb4 Qb6 17. a3 Be6 18. Rc1 Bd8 19. Bh3 Qb7 20. Qd3 Bb6 21. Rc2
Bc5 22. Nd5 Bxd5 23. cxd5 Ra5 24. Bf1 Qb6 25. f4 Bd4 26. Rhh2 Rc5 27. f5 Rb8
28. Rxc5 Bxc5 1/2-1/2

[Event "2BLO 1819 SC Garching - SK König Plaue"]
[Site "?"]
[Date "2019.03.24"]
[Round "10.6"]
[White "Seifert, Volker"]
[Black "Zaehringer, Daniel"]
[Result "1/2-1/2"]
[WhiteElo "2302"]
[BlackElo "2171"]
[PlyCount "55"]
[EventDate "2019.??.??"]

1. d4 d5 2. c4 e6 3. Nc3 c6 4. e3 Nf6 5. Nf3 Nbd7 6. b3 Bd6 7. Bb2 O-O 8. Be2
b6 9. O-O Bb7 10. Qc2 c5 11. cxd5 Nxd5 12. Nxd5 Bxd5 13. e4 Bb7 14. Rad1 Qe7
15. Qc3 f6 16. Bc4 Kh8 17. dxc5 Nxc5 18. e5 fxe5 19. Nxe5 Qg5 20. Qg3 Qxg3 21.
hxg3 Rad8 22. f3 a6 23. b4 Na4 24. Ba1 Bd5 25. Bxd5 exd5 26. a3 Kg8 27. f4 a5
28. Nd3 {Wei bietet remis} 1/2-1/2

[Event "2BLO 1819 SC Garching - SK König Plaue"]
[Site "?"]
[Date "2019.03.24"]
[Round "10.7"]
[White "Burian, Simon"]
[Black "Schmitz, Thorsten"]
[Result "0-1"]
[WhiteElo "2039"]
[BlackElo "2285"]
[PlyCount "66"]
[EventDate "2019.??.??"]

1. e4 d6 2. d4 Nf6 3. Nc3 e5 4. Nf3 Nbd7 5. Bc4 Be7 6. O-O O-O 7. Re1 c6 8. a4
exd4 9. Nxd4 Ne5 10. Ba2 Re8 11. h3 Bd7 12. f4 Ng6 13. a5 b5 14. axb6 axb6 15.
Qd3 b5 16. Bd2 b4 17. Nd1 d5 18. e5 Ne4 19. Rxe4 dxe4 20. Qxe4 Bc5 21. Be3 Bxd4
22. Bxd4 Be6 23. f5 Rxa2 24. Rxa2 Bxa2 25. fxg6 c5 26. gxh7+ Kh8 27. Nc3 bxc3
28. Bxc3 Be6 29. Kh2 Qg5 30. Qc6 Qf4+ 31. g3 Qf2+ 32. Qg2 Qxg2+ 33. Kxg2 Bf5 {
Weiß gibt auf} 0-1

[Event "2BLO 1819 SC Garching - SK König Plaue"]
[Site "?"]
[Date "2019.03.24"]
[Round "10.8"]
[White "Ruecker, Benjamin"]
[Black "Linnert, Niklas"]
[Result "1/2-1/2"]
[WhiteElo "2236"]
[BlackElo "2044"]
[PlyCount "27"]
[EventDate "2019.??.??"]

1. Nf3 Nf6 2. c4 g6 3. Nc3 Bg7 4. e4 d6 5. d4 O-O 6. h3 e5 7. d5 Nh5 8. g3 f5
9. exf5 gxf5 10. Nh4 Nf4 11. Be3 c5 12. Qd2 Ng6 13. Bg5 Bf6 14. Bxf6 {Weiß
bietet remis} 1/2-1/2